Francine Lambert : exposició d'estructures tèxtils i tapissos : Museu Tèxtil de la Diputació de Barcelona i Consolat de Bèlgica : Terrassa 1986 - 1987 exposició d'estructures tèxtils i tapissos :
Descripción Física:
20 cm : il. col. ; 21 cm
Otros Autores:
Consolat de Bèlgica (Barcelona)
MARC
| LEADER | 00000nam a2200000Ia 4500 | ||
|---|---|---|---|
| 001 | 12774 | ||
| 008 | 160829s9999 xx 000 0 cat d | ||
| 080 | |a FU-15-37 | ||
| 100 | |a Lambert, Francine |9 37490 | ||
| 245 | |a Francine Lambert : |b exposició d'estructures tèxtils i tapissos : |b Museu Tèxtil de la Diputació de Barcelona i Consolat de Bèlgica : |b Terrassa 1986 - 1987 | ||
| 260 | |a Barcelona : |b Museu Tèxtil, Diputació de Barcelona, [1987?] | ||
| 300 | |a 20 cm : |b il. col. ; |c 21 cm | ||
| 650 | |a Tapissos |x Exposicions |9 37474 | ||
| 650 | |a Lambert, Francine |x Exposicions |9 37491 | ||
| 700 | |a Consolat de Bèlgica (Barcelona) |9 37492 | ||
| 710 | 2 | |a Museu Tèxtil de Terrassa |9 54997 | |
| 901 | |a Arxiu | ||
| 942 | |n 1 | ||
| 952 | |0 0 |1 0 |4 0 |6 FU1537 |7 1 |9 47895 |a Arxiu |b Arxiu |d 2016-12-01 |l 0 |o FU-15-37 |p 12774 |r 2016-12-01 00:00:00 |w 2016-12-01 |y ARXIU | ||
| 999 | |c 51695 |d 51695 | ||